คู่มือนักเดินทางฉบับพกพา ญี่ปุ่น [5th] (ระเบียนเลขที่ 63527)
| 000 -LEADER | |
|---|---|
| fixed length control field | 00782nam a22001817a 4500 |
| 005 - DATE AND TIME OF LATEST TRANSACTION | |
| control field | 20210325205430.0 |
| 008 - FIXED-LENGTH DATA ELEMENTS--GENERAL INFORMATION | |
| fixed length control field | s2549 th ||||| |||| 00| 0 tha d |
| 050 ## - LIBRARY OF CONGRESS CALL NUMBER | |
| Classification number | DS812 ค695 2549 |
| 245 10 - TITLE STATEMENT | |
| Title | คู่มือนักเดินทางฉบับพกพา ญี่ปุ่น [5th] |
| 260 3# - PUBLICATION, DISTRIBUTION, ETC. | |
| Place of publication, distribution, etc. | กรุงเทพฯ : |
| Name of publisher, distributor, etc. | อทิตตา, |
| Date of publication, distribution, etc. | 2549 |
| 300 ## - PHYSICAL DESCRIPTION | |
| Extent | 161 หน้า : |
| Other physical details | ภาพประกอบ ; |
| Dimensions | 21 ซม. |
| 650 04 - SUBJECT ADDED ENTRY--TOPICAL TERM | |
| Topical term or geographic name entry element | ญี่ปุ่น -- ภูมิประเทศและการท่องเที่ยว |
| 850 ## - HOLDING INSTITUTION | |
| Holding institution | NALT |
| 942 ## - ADDED ENTRY ELEMENTS (KOHA) | |
| Koha item type | General Book |
| 997 ## - | |
| -- | 38931 |
| 997 ## - | |
| -- | 000000000063527 |
| 998 ## - LOCAL CONTROL INFORMATION (RLIN) | |
| -- | นางสุกัญญา กัลยา |
| Withdrawn status | Lost status | Damaged status | Not for loan | Collection code | Home library | Current library | Source of acquisition | Cost, normal purchase price | Total Checkouts | Full call number | Barcode | Date last seen | Cost, replacement price | Price effective from | Koha item type |
|---|---|---|---|---|---|---|---|---|---|---|---|---|---|---|---|
| General Book collection | National Assembly Library of Thailand | National Assembly Library of Thailand | จัดซื้อทรัพยากร | 120.00 | DS 812 ค695 2549 | 3961185909 | 09/06/2017 | 170.00 | 09/06/2017 | General Book |
